000 00728nam a2200253Ia 4500
003 OSt
005 20220916111019.0
006 a|||||r|||| 00| 0
007 ta
008 220915b |||||||| |||| 00| 0 eng d
024 _a96815
037 _cTextbook
040 _beng
_aARTS
_cARTS
041 _aeng
082 _aU8.6.M5, A;K5
100 _aBaikie William Balfour
245 0 _aNarrative of an exploring voyage up the rivers Kwora and Binue: Commonly known as the Niger and tsadda in 1854
250 _aReprint
260 _aLondon
_bJohn Murray
300 _axvi, 456p.
_ccm.
650 _aGEOGRAPHY
942 _hU8.6.M5, A;K5
_cTB
_2CC
999 _c103351
_d103351